Are manufacturing companies improving their sustainable value added?

Analýza udržateľnej výkonnosti meranej pomocou ukazovateľov udržateľnej pridanej hodnoty vo vybraných podnikov strojárenského sektoru.

Salvato in:
Dettagli Bibliografici
Autore principale: Straková, Juliana
Natura: Capitolo di libro
Lingua:inglese
Soggetti:
Tags: Aggiungi Tag
Nessun Tag, puoi essere il primo ad aggiungerne!!

MARC

LEADER 00000naa a2200000 4500
001 0168014
005 20231204085728.5
041 0 |a eng 
044 |a CZ 
245 1 0 |a Are manufacturing companies improving their sustainable value added?  |c Juliana Straková 
520 |a Analýza udržateľnej výkonnosti meranej pomocou ukazovateľov udržateľnej pridanej hodnoty vo vybraných podnikov strojárenského sektoru. 
610 2 0 |a podnik strojársky 
610 2 0 |a výkony podnikové 
610 2 0 |a hodnota pridaná ekonomická 
100 1 |a Straková, Juliana